Лінгвістична термінологія англійської мови (Запис № 282615)

МАРК-запис
000 -LEADER
fixed length control field 01074nam a22001577a 4500
041 ## - LANGUAGE CODE
Language code of text/sound track or separate title ukr
080 ## - UNIVERSAL DECIMAL CLASSIFICATION NUMBER
Universal Decimal Classification number 09
090 ## - LOCALLY ASSIGNED LC-TYPE CALL NUMBER (OCLC); LOCAL CALL NUMBER (OCLC)
Local cutter number (OCLC) ; Book number/undivided call number, CALL (RLIN) ФУР
100 ## - MAIN ENTRY--PERSONAL NAME
Personal name Фурманець О. М.
245 ## - TITLE STATEMENT
Title Лінгвістична термінологія англійської мови
260 ## - PUBLICATION, DISTRIBUTION, ETC. (IMPRINT)
Place of publication, distribution, etc Острог
Name of publisher, distributor, etc КАФ
Date of publication, distribution, etc 2004
300 ## - PHYSICAL DESCRIPTION
Extent 40
520 ## - SUMMARY, ETC.
Summary, etc Розділ 1. Лінгвістична термінологія як наука.<br/>1.1. Обгрунтування поняття термінології.<br/>1.2. Термінологія в лінгвістиці.<br/>1.3. Синоніміка в термінології.<br/>Розділ 2. Лінгвістична термінологія.<br/>2.1. Класифікація лінгвістичних словників.<br/>2.2. Типологія термінологічних словників.<br/>2.3. Характеристика тлумачного словника лінгвістичних термінів.
-- Термінологія, лінгвістика, характеристика.
650 ## - SUBJECT ADDED ENTRY--TOPICAL TERM
Topical term or geographic name as entry element Research Papers
942 ## - ADDED ENTRY ELEMENTS (KOHA)
Koha item type Книги
Фонди
Withdrawn status Lost status Source of classification or shelving scheme Damaged status Not for loan Home library Current library Date acquired Source of acquisition Coded location qualifier Cost, normal purchase price Total Checkouts Full call number Barcode Date last seen Price effective from Koha item type
    Universal Decimal Classification     ВІЛ - Відділ іноземн. літератури НБ ВІЛ - Відділ іноземн. літератури НБ 08/08/2005 Акт В12 1.00   09 210177 15/12/2021 16/12/2004 Книги